000 00671nam a22002417a 4500
003 DO-SdBNP
005 20180216142554.0
008 161031b 2006 xxu a 1 00| 0 spa d
020 _a0765277298
040 _aBPMSU
_bspa
_cBPMSU
082 _axxxx
_bS775
100 1 _aStacey, Gill
245 1 0 _aInformes para todos /
_cGill Stacey
260 _aEstados Unidos :
_bCelebration Press,
_bPearson Learning Group ,
_c2006.
300 _a24 p. :
_bil. ;
_c25 cm.
490 1 _aiOpeners
500 _aIncluye índice
500 _aIncluye glosario
830 0 _aiOpeners
942 _2ddc
_cBK
945 _aInventariado, 2018/ YL
956 _aYLOCKWARD
_b10
_cBPMSU
999 _c12616
_d12616